Çerçeveli ve perdeli betonarme sistemlerin tasarımı : (Record no. 12232)
| 000 -BAŞLIK | |
|---|---|
| Sabit Uzunluktaki Kontrol Alanı | 01837nam a22003737a 4500 |
| 001 - KONTROL NUMARASI | |
| Control Dosyası | 0012263 |
| 003 - KONTROL NUMARASI KİMLİĞİ | |
| Kontrol Alanı | KOHA_MİRAKIL |
| 005 - EN SON İŞLEM TARİHİ ve ZAMANI | |
| Kontrol Alanı | 20260207001845.0 |
| 007 - FİZİKSEL TANIM SABİT ALAN - GENEL BİLGİ | |
| Sabit uzunluklu kontrol alanı | ta |
| 008 - SABİT UZUNLUKTAKİ VERİ ÖGELERİ - GENEL BİLGİ | |
| Sabit Alan | 100105b2001 tu a|||gr||||#||||0|tur | |
| 020 ## - ISBN - ULUSLARARASI STANDART KİTAP NUMARASI | |
| Kullanılabilirlik koşulları | 0,01 |
| 040 ## - KATALOGLAMA KAYNAĞI | |
| Özgün Kataloglama Kurumu | TR-BiSEU |
| Kataloglama Dili | tur |
| Çeviri Kurumu | TR-BiSEU |
| Açıklama Kuralları | rda |
| 041 0# - DİL KODU | |
| Metin ya da ses kaydının dil kodu | tur |
| 044 ## - YAYINLAYAN/ÜRETEN KURULUŞUN ÜLKE KODU | |
| ISO country code | tu |
| 050 ## - SINIFLAMA ve YER NUMARASI | |
| Sınıflama Numarası | TA683.2 |
| Yer Numarası | .A85 2001 |
| 100 1# - KİŞİ ADI | |
| Yazar Adı (Kişi adı) | Atımtay, Ergin. |
| 245 1# - ESER ADI BİLDİRİMİ | |
| Başlık | Çerçeveli ve perdeli betonarme sistemlerin tasarımı : |
| Alt Eseradı vb. | temel kavramlar ve hesap yöntemleri/ |
| Sorumluluk Bildirimi | Ergin Atımtay ; Ergin Atımtay. |
| 264 #1 - ÜRERİM, YAYIN, DAĞITIM ve TELİF BİLDİRİMİ | |
| Yayın yeri | Ankara : |
| Yayınlayan | METU Press |
| Yayın tarihi | 2001 |
| 300 ## - FİZİKSEL TANIMLAMA | |
| Sayfa, Cilt vb. | c., [ 872] sayfa : |
| Diğer fiziki detaylar | tbl. , grf.; 24 cm. |
| 336 ## - İÇERİK TÜRÜ | |
| Content type term | metin |
| Content type code | txt |
| Source | rdacontent |
| 337 ## - MEDYA TÜRÜ | |
| Media type term | aracısız |
| Media type code | n |
| Source | rdamedia |
| 338 ## - TAŞIYICI TÜRÜ | |
| Carrier type term | cilt |
| Carrier type code | nc |
| Source | rdacarrier |
| 500 ## - GENEL NOT | |
| Genel Not | Kaynakça ve dizin var. |
| 505 ## - İÇİNDEKİLER NOTU | |
| İçindekiler Notu | c. 1: Tasarım problemine giriş. Yapıların matematik modele dönüştürülmesi. Olumsuz etkiler veren hareketli yük düzenlemeleri. Yapıların analizinde genel uygulamalar. Taşıyıcı sistemlerin projelendirilmesinde alınacak yükler. Yüklerin uç boyutlu çerçeveli yapı içinde dağılışı. |
| Title | Sürekli kirişler ve plakların çözümü için yaklaşık yöntemler.-- |
| Miscellaneous information | c. 2: Yapı sisteminin seçimi. |
| Title | Çok katlı çok açıklıklı çerçeveli sistemlerin yaklaşık yöntemlerle hesabı. |
| -- | Yüksek yapı sistemleri. |
| 650 #0 - KONU BAŞLIĞI EK GİRİŞ - KONU TERİMİ | |
| Konusal terim veya coğrafi ad | Betonarme yapı. |
| 9 (RLIN) | 6736 |
| 650 #0 - KONU BAŞLIĞI EK GİRİŞ - KONU TERİMİ | |
| Konusal terim veya coğrafi ad | Reinforced concrete construction. |
| 9 (RLIN) | 6737 |
| 650 #0 - KONU BAŞLIĞI EK GİRİŞ - KONU TERİMİ | |
| Konusal terim veya coğrafi ad | Yapı tasarımı. |
| 9 (RLIN) | 2749 |
| 650 #0 - KONU BAŞLIĞI EK GİRİŞ - KONU TERİMİ | |
| Konusal terim veya coğrafi ad | Structural design. |
| 9 (RLIN) | 29660 |
| 650 #0 - KONU BAŞLIĞI EK GİRİŞ - KONU TERİMİ | |
| Konusal terim veya coğrafi ad | Yapı mühendisliği--Problemler, alıştırmalar, vb |
| 9 (RLIN) | 29661 |
| 650 #0 - KONU BAŞLIĞI EK GİRİŞ - KONU TERİMİ | |
| Konusal terim veya coğrafi ad | Structural engineering--Problems, exercises, etc |
| 9 (RLIN) | 29662 |
| 650 #0 - KONU BAŞLIĞI EK GİRİŞ - KONU TERİMİ | |
| Konusal terim veya coğrafi ad | Yapı mühendisliği--Sınavlar--Çalışma kitabı. |
| 9 (RLIN) | 29663 |
| 650 #0 - KONU BAŞLIĞI EK GİRİŞ - KONU TERİMİ | |
| Konusal terim veya coğrafi ad | Structural engineering--Examinations--Study guides. |
| 9 (RLIN) | 29664 |
| 942 ## - EK GİRİŞ ÖGELERİ (KOHA) | |
| Source of classification or shelving scheme | Library of Congress Classification |
| Koha item type | Book |
| Materyal Türü | Kalıcı Konum | Mevcut Konum | Raf Yeri | Sınıflandırma Kaynağı | Edinim Bilgisi | Ana Konular | Alt Konular | Yer Numarası | Cilt Bilgisi | Demirbaş Numarası | Fatura Tarihi | Geri Çekilme Durumu | Kayıp Durumu | Hasarlı Durumu | Kredi için değil | Kayıt Tarih | Toplam Ödünçverme | Son Görülme Tarihi | Son Kontrol Tarihi | Genel / Bağış Notu |
|---|---|---|---|---|---|---|---|---|---|---|---|---|---|---|---|---|---|---|---|---|
| Book | Prof. Dr. Azmi Özcan Kütüphanesi | Prof. Dr. Azmi Özcan Kütüphanesi | Birûni Salonu | Library of Congress Classification | Bağış | TEKNOLOJİ | Mühendislik (Genel), İnşaat Mühendisliği (Genel) | TA683.2 .A85 2001 | c.1 | 0012263 | 13/08/2010 | 05/01/2010 | 2 | 27/05/2025 | 27/05/2025 | Genel Bağış | ||||
| Book | Prof. Dr. Azmi Özcan Kütüphanesi | Prof. Dr. Azmi Özcan Kütüphanesi | Birûni Salonu | Library of Congress Classification | Bağış | TEKNOLOJİ | Mühendislik (Genel), İnşaat Mühendisliği (Genel) | TA683.2 .A85 2001 | c.2 | 0015509 | 13/08/2010 | 23/03/2010 | 2 | 27/05/2025 | 27/05/2025 | Genel Bağış |
